Catalog

Record Details

Catalog Search



Robert B. Parker's killing the blues : a Jesse Stone novel  Cover Image Book Book

Robert B. Parker's killing the blues : a Jesse Stone novel / Michael Brandman.

Record details

  • ISBN: 9780399157844 (hardcover)
  • ISBN: 0399157840 (hardcover)
  • Physical Description: 274 pages ; 24 cm.
  • Publisher: New York : G.P. Putnam's Sons, ©2011.
Subject: Stone, Jesse (Fictitious character)
City and town life > Massachusetts > Fiction.
Police chiefs > Massachusetts > Fiction.
Detective and mystery stories.

Available copies

  • 1 of 1 copy available at scottsboropl.

Holds

  • 0 current holds with 1 total copy.
Show Only Available Copies
Location Call Number / Copy Notes Barcode Shelving Location Status Due Date
scottsboropl F Par 32269000882848 Adult - Fiction Available -

LDR 01129cam a2200337 a 4500
001121332
003CONS
00520150219145814.0
008110518s2011 nyu 000 1 eng
010 . ‡a 2011019040
020 . ‡a9780399157844 (hardcover)
020 . ‡a0399157840 (hardcover)
035 . ‡a(CPomAG)LMN440801
042 . ‡apcc
043 . ‡an-us-ma
05000. ‡aPS3602.R356 ‡bR63 2011
08200. ‡a813/.6 ‡222
1001 . ‡aBrandman, Michael.
24510. ‡aRobert B. Parker's killing the blues : ‡ba Jesse Stone novel / ‡cMichael Brandman.
24630. ‡aKilling the blues
24630. ‡aJesse Stone novel
260 . ‡aNew York : ‡bG.P. Putnam's Sons, ‡c©2011.
300 . ‡a274 pages ; ‡c24 cm.
650 0. ‡aStone, Jesse (Fictitious character)
650 0. ‡aCity and town life ‡zMassachusetts ‡vFiction.
650 0. ‡aPolice chiefs ‡zMassachusetts ‡vFiction.
650 0. ‡aDetective and mystery stories.
7001 . ‡aParker, Robert B., ‡d1932-2010.
914 . ‡dNAC_cp
959 . ‡i32269000882848 ‡lF Par ‡aAdult - Fiction ‡tFiction ‡g26.00
852 . ‡p32269000882848 ‡jF Par ‡gAdult - Fiction ‡cFiction ‡y26.00 ‡bSBPL
901 . ‡a121332 ‡bUnknown ‡c121332 ‡tbiblio

Additional Resources